Freundschaftsnetzwerke in den neuen Bundesländern

Gespeichert in:  
Bibliographische Detailangaben
1. VerfasserIn: Schaub, Johannes (Verfasst von)
Medienart: Druck Aufsatz
Sprache:Deutsch
Veröffentlicht: 2002
In: Gruppendynamik und Organisationsberatung
Jahr: 2002, Band: 33, Heft: 3, Seiten: 295-310
Verfügbarkeit prüfen: HBZ Gateway
Schlagwörter:

MARC

LEADER 00000caa a22000002c 4500
001 1639219668
003 DE-627
005 20220608124431.0
007 tu
008 160223s2002 xx ||||| 00| ||ger c
035 |a (DE-627)1639219668 
035 |a (DE-576)45580379X 
035 |a (DE-599)BSZ45580379X 
040 |a DE-627  |b ger  |c DE-627  |e rakwb 
041 |a ger 
100 1 |a Schaub, Johannes  |4 aut 
245 1 0 |a Freundschaftsnetzwerke in den neuen Bundesländern  |c Johannes Schaub 
264 1 |c 2002 
336 |a Text  |b txt  |2 rdacontent 
337 |a ohne Hilfsmittel zu benutzen  |b n  |2 rdamedia 
338 |a Band  |b nc  |2 rdacarrier 
773 0 8 |i In  |t Gruppendynamik und Organisationsberatung  |d Wiesbaden : VS Verl. für Sozialwissenschaften, 2000  |g 33(2002), 3, Seite 295-310  |w (DE-627)527567051  |w (DE-600)2275330-8  |w (DE-576)264898532  |x 1862-2615  |7 nnas 
773 1 8 |g volume:33  |g year:2002  |g number:3  |g pages:295-310 
935 |a mkri 
951 |a AR 
ELC |b 1 
LOK |0 000 xxxxxcx a22 zn 4500 
LOK |0 001 3299602438 
LOK |0 003 DE-627 
LOK |0 004 1639219668 
LOK |0 005 20160223094909 
LOK |0 008 160208||||||||||||||||ger||||||| 
LOK |0 040   |a DE-21-110  |c DE-627  |d DE-21-110 
LOK |0 689   |a s  |a Soziale Netzwerke 
LOK |0 689   |a s  |a Freundschaftsbeziehungen 
LOK |0 689   |a s  |a Neue Bundesländer 
LOK |0 689   |a s  |a Sozialer Umbruch 
LOK |0 689   |a s  |a DDR 
LOK |0 852   |z Kein Bestand am IfK; Nachweis für KrimDok 
LOK |0 852   |a DE-21-110 
LOK |0 852 1  |m v  |9 00 
LOK |0 935   |a k110 
LOK |0 938   |k v 
LOK |0 939   |a 08-02-16  |b l01 
ORI |a SA-MARC-krimdoka001.raw